000 00816nam a2200265Ia 4500
999 _c2708
_d2708
007 ta
008 230321t2019||||ii a ||gd|||||||1 ||eng||
020 _a9789352136810
_cRs. 675.00
040 _aKO
_beng
041 0 _aeng
044 _aii
082 0 4 _223
_a005.133
_bG873
100 1 _aGries, Paul
245 1 0 _aPractical Programming
_b: an introduction to computer science using python 3.6 /
_cPaul Gries, Jennifer Campbell and Jason Montojo
250 _a3rd ed.
260 _aMumbai:
_bShroff Publishers and Distributors Pvt Ltd,
_c2019
300 _axv, 383 p. :
_bill. ;
_c23 cm.
650 0 _aComputer programming
650 0 _aProgramming languages (Electronic computers)
700 _aCampbell, Jennifer
_eaut
700 _aMontojo, Jason
_eaut
904 _aA_BOSE
942 _cBK